[Event "24th Open"]
[Site "Pula CRO"]
[Date "2010.06.23"]
[Round "6"]
[White "Hess,C1"]
[Black "Felgaer,R"]
[Result "0-1"]
[WhiteElo "2303"]
[BlackElo "2585"]
[EventDate "2010.06.19"]

1. Nf3 d5 2. d4 Bf5 3. Bf4 e6 4. e3 Bd6 5. Bxd6 Qxd6 6. c4 c6 7. Qb3 Qe7 8.
Nbd2 Nf6 9. Bd3 Bxd3 10. Qxd3 O-O 11. O-O Nbd7 12. e4 dxe4 13. Nxe4 Nxe4
14. Qxe4 Rfd8 15. a3 a5 16. Rad1 a4 17. Rfe1 Nf6 18. Qe2 h6 19. g3 Qc7 20.
c5 Rd5 21. Qc2 Qa5 22. Re3 Rad8 23. Kg2 Ne8 24. Re4 Nf6 25. Re3 Qa6 26. Rd2
R5d7 27. h3 Nd5 28. Re4 Nf6 29. Rf4 Nd5 30. Re4 Ne7 31. Ne5 Rd5 32. Nf3 Qa5
33. g4 Ng6 34. h4 f5 35. Re3 Nf4+ 36. Kg3 fxg4 37. Kxg4 Qc7 38. Re4 Nh5 39.
Re5 Qf7 40. Qd3 Qf4+ 41. Kh3 Rxe5 42. Nxe5 Qxe5 0-1

[Event "24th Open"]
[Site "Pula CRO"]
[Date "2010.06.23"]
[Round "6"]
[White "Cvitan,O"]
[Black "Fahrner,K"]
[Result "1-0"]
[WhiteElo "2521"]
[BlackElo "2302"]
[EventDate "2010.06.19"]

1. c4 g6 2. d4 Bg7 3. e4 d6 4. Nc3 e5 5. Nf3 Nc6 6. dxe5 dxe5 7. Qxd8+ Kxd8
8. Bg5+ f6 9. O-O-O+ Bd7 10. Be3 Nh6 11. h3 Kc8 12. Be2 Be6 13. g4 Nf7 14.
Rhg1 Ne7 15. h4 c6 16. g5 f5 17. Bc5 Bf8 18. exf5 Nxf5 19. Ne4 Kc7 20. Rge1
h6 21. Bxf8 Raxf8 22. Bf1 Bc8 23. h5 gxh5 24. g6 Ng5 25. Nxe5 Rhg8 26. Nc5
Nd6 27. Be2 Rxf2 28. Bxh5 Bf5 29. Rd2 Rf4 30. b3 Rh4 31. Nf7 Nde4 32. Nxh6
Rxh5 33. Nxg8 Nxd2 34. Re7+ Kc8 35. Kxd2 Bxg6 36. Nxb7 Ne4+ 37. Ke3 Rh7 38.
Na5 c5 39. Nc6 Nc3 40. Nxa7+ Kd8 41. Nc6+ Kc8 42. Nf6 Rh3+ 43. Kf4 Bh5 44.
Nd5 Nxd5+ 45. cxd5 Rd3 46. Rh7 Bf3 47. Ne5 1-0

[Event "24th Open"]
[Site "Pula CRO"]
[Date "2010.06.23"]
[Round "6"]
[White "Plenca,J"]
[Black "Doric,D"]
[Result "0-1"]
[WhiteElo "2286"]
[BlackElo "2452"]
[EventDate "2010.06.19"]

1. e4 c5 2. Nf3 d6 3. c3 Nf6 4. h3 g6 5. Bd3 Bg7 6. O-O O-O 7. Bc2 e5 8. d4
exd4 9. cxd4 Nc6 10. Nc3 cxd4 11. Nb5 d3 12. Bxd3 a6 13. Nc3 h6 14. Bf4 Be6
15. Qd2 g5 16. Bh2 d5 17. e5 Nd7 18. Rae1 Re8 19. Bb1 d4 20. Na4 Bc4 21.
Qc2 Bxf1 22. e6 Rxe6 23. Qh7+ Kf8 24. Rxe6 fxe6 25. Bd6+ Ne7 26. Nc5 Bc4
27. Nxd4 Nxc5 28. Bxc5 Bxd4 0-1

[Event "24th Open"]
[Site "Pula CRO"]
[Date "2010.06.23"]
[Round "6"]
[White "Mihalincic,T"]
[Black "Barle,J"]
[Result "1/2-1/2"]
[WhiteElo "2232"]
[BlackElo "2404"]
[EventDate "2010.06.19"]

1. e4 c5 2. Nf3 a6 3. c4 Nc6 4. d4 cxd4 5. Nxd4 Nf6 6. Nc3 e5 7. Nc2 Bc5 8.
Be2 d6 9. O-O O-O 10. Bd3 Bg4 11. Be2 Be6 12. Be3 Nd7 13. a3 Bxe3 14. Nxe3
Nd4 15. Bg4 Rc8 16. Ncd5 g6 17. f4 f5 18. exf5 gxf5 19. Bf3 Nb6 20. Rc1
1/2-1/2

[Event "24th Open"]
[Site "Pula CRO"]
[Date "2010.06.23"]
[Round "6"]
[White "Cop,T"]
[Black "Rukavina,J"]
[Result "0-1"]
[WhiteElo "2254"]
[BlackElo "2397"]
[EventDate "2010.06.19"]

1. e4 g6 2. d4 d6 3. Nc3 Bg7 4. Bc4 Nf6 5. Qe2 c6 6. e5 dxe5 7. dxe5 Nd5 8.
Bd2 Be6 9. Nf3 Nd7 10. O-O-O Qc7 11. Rhe1 O-O 12. Bxd5 cxd5 13. Bg5 Nb6 14.
Nd4 Nc4 15. f4 Rac8 16. Rd3 Qc5 17. g4 Qb4 18. Nb3 h6 19. Rxd5 Nxb2 20. f5
Bxd5 21. Nxd5 Qxe1+ 22. Qxe1 Nd3+ 23. Kd1 Nxe1 24. Bxe7 Bxe5 0-1

[Event "24th Open"]
[Site "Pula CRO"]
[Date "2010.06.23"]
[Round "6"]
[White "Nordenbaek,J"]
[Black "Biti,O"]
[Result "1/2-1/2"]
[WhiteElo "2215"]
[BlackElo "2376"]
[EventDate "2010.06.19"]

1. Nf3 d6 2. d4 Bg4 3. c4 Bxf3 4. exf3 c6 5. d5 Nf6 6. Nc3 g6 7. g3 Bg7 8.
Bg2 O-O 9. O-O Nbd7 10. f4 Qc7 11. Bd2 Rfe8 12. Rc1 Rac8 13. b3 Nb6 14. a4
a6 1/2-1/2

[Event "24th Open"]
[Site "Pula CRO"]
[Date "2010.06.23"]
[Round "6"]
[White "Kopinits,A"]
[Black "Molnar,Be"]
[Result "0-1"]
[WhiteElo "2158"]
[BlackElo "2340"]
[EventDate "2010.06.19"]

1. e4 c5 2. Nf3 Nc6 3. d4 cxd4 4. Nxd4 Qb6 5. Nb3 Nf6 6. Nc3 e6 7. Bd3 a6
8. O-O Be7 9. Be3 Qc7 10. f4 d6 11. Qf3 Rb8 12. Rae1 b5 13. Bd2 b4 14. Ne2
e5 15. f5 h5 16. c3 a5 17. Bg5 Ng4 18. h4 Bxg5 19. hxg5 Qb6+ 20. Kh1 Qd8
21. f6 gxf6 22. Bc4 a4 23. Nbc1 bxc3 24. Qxc3 Qb6 25. Ng3 Nf2+ 26. Rxf2
Qxf2 27. Rf1 Qxb2 28. Bxf7+ Kd7 29. Qf3 Nd4 30. Qxf6 Ba6 31. Rg1 h4 32. Nf5
Nxf5 33. Qxf5+ Kc7 34. Qh3 Qf2 35. Qc3+ Kd7 36. Bd5 Rbc8 37. Qh3+ Kd8 38.
Nd3 Bxd3 39. Qxd3 h3 40. gxh3 Rc2 41. Qg3 Qd2 42. Rg2 Rc1+ 43. Kh2 Qd1 44.
Rg1 Qxg1+ 45. Qxg1 Rxg1 46. Kxg1 Rxh3 47. Kf2 Ke7 48. g6 Kf6 49. Bf7 a3 50.
Ke2 d5 51. Bxd5 Kxg6 52. Kd2 Kf6 53. Kc2 Ke7 54. Kd2 Kd6 55. Kc2 Kc5 56.
Kd2 Kd4 57. Kc2 Rg3 58. Bb7 Rg2+ 0-1

[Event "24th Open"]
[Site "Pula CRO"]
[Date "2010.06.23"]
[Round "6"]
[White "Doric,N"]
[Black "Novkovic,J"]
[Result "1-0"]
[WhiteElo "2320"]
[BlackElo "2146"]
[EventDate "2010.06.19"]

1. Nf3 Nf6 2. c4 g6 3. Nc3 Bg7 4. e4 d6 5. d4 O-O 6. Be2 e5 7. O-O Nc6 8.
d5 Ne7 9. Ne1 Nd7 10. f3 f5 11. Be3 f4 12. Bf2 g5 13. a4 Ng6 14. a5 h5 15.
Nb5 Nf6 16. Nxa7 Rxa7 17. Bxa7 g4 18. Bf2 g3 19. hxg3 fxg3 20. Bxg3 h4 21.
Bh2 Nh5 22. f4 Ng3 23. f5 Nxf1 24. Bxf1 Qg5 25. Ra3 Nf4 26. Rf3 Kf7 27. Nd3
Nxd3 28. Rxd3 Bf6 29. Be2 Rh8 30. Bg4 Qh6 31. Kh1 Bg5 32. c5 Be7 33. cxd6
Bxd6 34. Rc3 Kf6 35. Qc1 Qg7 36. Bh3 Bd7 37. Rxc7 Bxc7 38. Qxc7 Qe7 39.
Qb6+ Kf7 40. Qg6+ Kf8 41. f6 Qh7 42. Qg7+ 1-0

[Event "24th Open"]
[Site "Pula CRO"]
[Date "2010.06.23"]
[Round "6"]
[White "Nemeth,Ge"]
[Black "Djurovic,G"]
[Result "1/2-1/2"]
[WhiteElo "1835"]
[BlackElo "2318"]
[EventDate "2010.06.19"]

1. e4 c5 2. c3 Nf6 3. e5 Nd5 4. d4 cxd4 5. cxd4 d6 6. Nf3 e6 7. Nc3 Nxc3 8.
bxc3 Qc7 9. Bb2 Nd7 10. Bb5 a6 11. Ba4 b5 12. exd6 Bxd6 13. Bc2 Ba3 14.
Bxa3 Qxc3+ 15. Qd2 Qxa3 16. O-O Bb7 17. Rfe1 Qe7 18. Re3 Bd5 19. Rc1 Rc8
20. Bb3 Rxc1+ 21. Qxc1 Bxb3 22. axb3 O-O 23. Qc7 Qd8 24. Rc3 Nb6 25. Qb7
Nd5 26. Rc6 Nb4 27. Rc7 Qd5 28. Qxd5 exd5 29. Ne5 f6 30. Nc6 Re8 31. g3
Nxc6 32. Rxc6 Re4 33. Rxa6 Rxd4 34. Ra7 h5 35. h4 Kh7 36. Kg2 Kg6 37. Rb7
Rb4 38. Rd7 d4 39. Rd5 Kf7 40. Kf1 Ke6 41. Rxh5 Rxb3 42. Rh7 g6 43. Ke2
Rb2+ 44. Kf3 d3 45. Rg7 Rb4 46. Ke3 Rd4 47. Kd2 Kf5 48. Rb7 Rd5 49. f3 Ke5
50. Rb6 Kf5 51. g4+ Ke5 52. f4+ Kxf4 53. Rxf6+ Kxg4 54. Rxg6+ Kxh4 55. Rg1
Kh3 56. Rb1 Kg4 57. Rb3 Kf4 58. Rxd3 Rh5 59. Kc3 Ke4 60. Rd8 Rh1 61. Kb4
Rb1+ 62. Kc3 Ke5 63. Kc2 Rb4 64. Kc3 Rc4+ 65. Kb3 Rc1 66. Kb4 Rb1+ 67. Kc3
Ke6 68. Kc2 Rb4 69. Kc3 Rc4+ 70. Kb3 Rc1 71. Kb2 Rh1 72. Kc3 Rc1+ 73. Kb2
Rh1 74. Kc3 Rc1+ 75. Kb2 Rh1 1/2-1/2

[Event "24th Open"]
[Site "Pula CRO"]
[Date "2010.06.23"]
[Round "6"]
[White "Drazic,S"]
[Black "Dulic,G"]
[Result "1-0"]
[WhiteElo "2531"]
[BlackElo "2237"]
[EventDate "2010.06.19"]

1. e4 c5 2. Nf3 d6 3. Bc4 Nf6 4. d3 g6 5. O-O Bg7 6. h3 Nc6 7. c3 O-O 8.
Bb3 b6 9. Re1 Bb7 10. d4 cxd4 11. cxd4 Na5 12. Bc2 Rc8 13. Nc3 e6 14. Qe2
a6 15. a4 Nc6 16. Rd1 Re8 17. Bg5 Qc7 18. Rac1 Qb8 19. Qe3 Nd7 20. Bh6 Ne7
21. Bb3 d5 22. Bxg7 Kxg7 23. e5 Rc6 24. Bc2 Qc7 25. Bd3 Rc8 26. g4 Qd8 27.
Re1 R6c7 28. Kh2 Nc6 29. Rcd1 Na5 30. Nd2 Qe7 31. f4 Qb4 32. Rb1 Nc4 33.
Bxc4 dxc4 34. f5 b5 35. axb5 Nb6 36. bxa6 Nd5 37. f6+ Kh8 38. Qh6 Rg8 39.
axb7 Rxb7 40. Nxd5 exd5 41. Qe3 Rc8 42. Rec1 Rb6 43. Ra1 Kg8 44. Rc2 Rcb8
45. Ra5 Rd8 46. Qh6 Qf8 47. Qxf8+ Kxf8 48. Nb1 Rdb8 49. Kg3 Ke8 50. Nc3
Rxb2 51. Rxb2 Rxb2 52. Nxd5 Rd2 53. Nc7+ Kd7 54. Nb5 Rd3+ 55. Kf4 1-0

[Event "24th Open"]
[Site "Pula CRO"]
[Date "2010.06.23"]
[Round "6"]
[White "Martinovic,Sa"]
[Black "Aschenbrenner,R"]
[Result "1-0"]
[WhiteElo "2515"]
[BlackElo "2223"]
[EventDate "2010.06.19"]

1. d4 g6 2. e4 Bg7 3. Nc3 c5 4. d5 d6 5. Nf3 Bg4 6. Be2 Bxf3 7. Bxf3 Nd7 8.
a4 Ngf6 9. Bg5 h6 10. Bf4 O-O 11. Qd2 Kh7 12. O-O Ne8 13. Be2 Qa5 14. Ra3
a6 15. Qc1 Rb8 16. Bd2 Qc7 17. Nd1 Nef6 18. Rh3 Nxe4 19. Bxh6 Rh8 20. Re1
Nef6 21. Bf1 Kg8 22. c4 Ne5 23. Bxg7 Kxg7 24. Rxh8 Rxh8 25. f4 Neg4 26. h3
Nh6 27. g4 Nh7 28. Qc3+ f6 29. Nf2 g5 30. Nd3 Nf7 31. Bg2 Nf8 32. fxg5 Nxg5
33. Nf4 Ng6 34. Nh5+ Kf7 35. Rf1 Ne5 36. h4 Nh7 37. g5 Nxg5 38. Nxf6 Ngf3+
39. Bxf3 exf6 40. h5 Qe7 41. Bd1 Rg8+ 42. Kh2 Qd8 43. Qh3 Qe7 44. h6 Ng6
45. Bh5 Qe5+ 46. Kh1 Qe4+ 47. Kg1 Ke7 48. h7 Rg7 49. Qg3 Qh4 50. Re1+ Kf8
51. h8=Q+ Nxh8 52. Re8+ 1-0

[Event "24th Open"]
[Site "Pula CRO"]
[Date "2010.06.23"]
[Round "6"]
[White "Kovacevic,Bl"]
[Black "Wanderer,T"]
[Result "1-0"]
[WhiteElo "2471"]
[BlackElo "2216"]
[EventDate "2010.06.19"]

1. d4 Nf6 2. Nf3 e6 3. g3 b6 4. Bg2 Bb7 5. O-O c5 6. c4 cxd4 7. Qxd4 Be7 8.
Nc3 O-O 9. Bf4 d6 10. Qd2 Qc8 11. Rac1 Rd8 12. b3 Nbd7 13. Rfd1 Nf8 14. h3
Ng6 15. Bg5 h6 16. Bxf6 Bxf6 17. Qe3 Rd7 18. Nd4 Bxg2 19. Kxg2 Qb7+ 20. Qe4
Ne7 21. Qxb7 Rxb7 22. Ndb5 d5 23. cxd5 a6 24. Nd6 Rc7 25. Nde4 exd5 26.
Nxf6+ gxf6 27. Na4 Rxc1 28. Rxc1 Rc8 29. Rxc8+ Nxc8 30. Kf3 b5 31. Nc5 a5
32. Ke3 Ne7 33. Nd7 Kg7 34. Kd4 Kg6 35. Kc5 b4 36. Nb6 d4 37. Nc4 Kf5 38.
Kxd4 1-0

[Event "24th Open"]
[Site "Pula CRO"]
[Date "2010.06.23"]
[Round "6"]
[White "Shalnev,N"]
[Black "Jelecevic,I"]
[Result "1/2-1/2"]
[WhiteElo "2450"]
[BlackElo "2213"]
[EventDate "2010.06.19"]

1. e4 c5 2. Nf3 d6 3. d4 cxd4 4. Nxd4 Nf6 5. Nc3 Nc6 6. g3 Bg4 7. f3 Bd7 8.
Be3 a6 9. Qd2 Nxd4 10. Bxd4 e5 11. Be3 Be6 12. Nd5 Bxd5 13. exd5 Be7 14. c4
O-O 15. Bd3 Re8 16. O-O Bf8 17. Kg2 Rc8 18. b3 g6 19. Rae1 Bg7 20. Bg5 Qc7
21. f4 exf4 22. Rxe8+ Rxe8 23. Qxf4 Nh5 24. Qf3 f6 25. g4 Ng3 26. Qxg3 fxg5
27. Re1 Be5 28. Qe3 Qa5 29. Re2 Qc3 30. h3 b6 31. Rc2 Qd4 32. Qxd4 Bxd4 33.
c5 dxc5 34. Bxa6 Re4 35. Re2 Rf4 36. Bc8 Kf7 37. Ba6 1/2-1/2

[Event "24th Open"]
[Site "Pula CRO"]
[Date "2010.06.23"]
[Round "6"]
[White "Furman,Bo"]
[Black "Hamitevici,V"]
[Result "0-1"]
[WhiteElo "2233"]
[BlackElo "2421"]
[EventDate "2010.06.19"]

1. d4 Nf6 2. c4 e6 3. Nc3 Bb4 4. g3 O-O 5. Bg2 d5 6. cxd5 exd5 7. Bg5 c6 8.
Nf3 Nbd7 9. O-O Bd6 10. Qc2 h6 11. Bf4 Bxf4 12. gxf4 Nb6 13. Ne5 Ne8 14. e3
Nd6 15. Kh1 Qh4 16. Rg1 Bf5 17. Qe2 f6 18. Nd3 Rae8 19. Nc5 Kh8 20. Qf3 Bc8
21. Bf1 g5 22. Bd3 g4 23. Qg3 Qxg3 24. hxg3 Re7 25. b3 Bf5 26. Kg2 Kg7 27.
Rh1 Kg6 28. Rh4 h5 29. Rah1 Rh7 30. Be2 Rfh8 31. Kf1 Nbc8 32. Ke1 Ne7 33.
Kd2 Kf7 34. Rf1 Ng6 35. Rhh1 h4 36. gxh4 Rxh4 37. Rhg1 Ne7 38. b4 Nec8 39.
b5 Nb6 40. bxc6 bxc6 41. Bd3 Nbc4+ 42. Ke2 Re8 43. Rb1 Rh2 44. Nd1 Re7 45.
Rb8 Bxd3+ 46. Kxd3 f5 47. a4 Re8 48. Rxe8 Kxe8 49. Kc3 Nb6 50. Kb4 Nd7 51.
Rf1 Nxc5 52. Kxc5 Ke7 53. Nc3 Nc4 54. Kb4 a5+ 55. Kc5 Kd7 56. Nd1 Nb6 0-1

[Event "24th Open"]
[Site "Pula CRO"]
[Date "2010.06.23"]
[Round "6"]
[White "Stokke,K"]
[Black "Wegerer,F"]
[Result "1-0"]
[WhiteElo "2399"]
[BlackElo "2210"]
[EventDate "2010.06.19"]

1. c4 c5 2. g3 Nc6 3. Bg2 g6 4. Nc3 Bg7 5. a3 Nf6 6. Rb1 O-O 7. b4 d6 8. e3
Bf5 9. d3 Nd7 10. Nge2 Nde5 11. e4 Bg4 12. h3 Bf3 13. O-O Qd7 14. Be3 b6
15. Bxf3 Nxf3+ 16. Kg2 Ncd4 17. Nxd4 Nxd4 18. Ne2 f5 19. Bxd4 cxd4 20. f3
e5 21. Qd2 Rac8 22. b5 h5 23. exf5 Rxf5 24. g4 hxg4 25. hxg4 Rf7 26. Qg5 d5
27. Qxg6 Rf6 28. Qg5 dxc4 29. dxc4 Rxc4 30. Ng3 Rc2+ 31. Rf2 Rxf2+ 32. Kxf2
Qd5 33. Nf5 Rf7 34. Rc1 Qd7 35. Nh6+ Kf8 36. Nxf7 Kxf7 37. Rc6 e4 38. fxe4
d3 39. Qf5+ Qxf5+ 40. exf5 Bd4+ 41. Ke1 1-0

[Event "24th Open"]
[Site "Pula CRO"]
[Date "2010.06.23"]
[Round "6"]
[White "Feletar,D"]
[Black "Tutic,R"]
[Result "1/2-1/2"]
[WhiteElo "2390"]
[BlackElo "2195"]
[EventDate "2010.06.19"]

1. Nf3 Nf6 2. c4 e6 3. Nc3 d5 4. d4 Bb4 5. Bg5 O-O 6. e3 h6 7. Bxf6 Qxf6 8.
Rc1 c6 9. a3 Bxc3+ 10. Rxc3 Nd7 11. Bd3 dxc4 12. Bxc4 e5 13. O-O exd4 14.
Qxd4 Qxd4 15. Nxd4 Nb6 16. Bb3 Rd8 17. Rd1 Kf8 18. Kf1 Ke7 19. Ke2 Be6 20.
Nxe6 fxe6 21. Rxd8 Rxd8 22. Rc5 1/2-1/2

[Event "24th Open"]
[Site "Pula CRO"]
[Date "2010.06.23"]
[Round "6"]
[White "Bukal,V jr"]
[Black "Gerola,F"]
[Result "1/2-1/2"]
[WhiteElo "2388"]
[BlackElo "2189"]
[EventDate "2010.06.19"]

1. d4 f5 2. g3 Nf6 3. Bg2 g6 4. Nh3 Bg7 5. Nf4 O-O 6. h4 d6 7. d5 c6 8. h5
g5 9. h6 Bh8 10. Ne6 Bxe6 11. dxe6 g4 12. Qd2 Qe8 13. e4 Qg6 14. exf5 Qxf5
15. Qg5+ Qxg5 16. Bxg5 Na6 17. O-O Nc7 18. Re1 d5 19. Nc3 Rae8 20. Bf4 Rc8
21. Bg5 Rce8 22. Bf1 Nh5 23. Bd3 Bd4 24. Nd1 Nxg3 25. c3 Bb6 26. Re5 Nh5
27. Be3 Nf4 28. Bf5 Ng6 29. Bxg6 hxg6 30. Bxb6 axb6 31. Ne3 Rf6 32. Nxg4
Rxe6 33. Rae1 Rxe5 34. Rxe5 Kf7 35. Re3 g5 1/2-1/2

[Event "24th Open"]
[Site "Pula CRO"]
[Date "2010.06.23"]
[Round "6"]
[White "Bellia,F"]
[Black "Kljako,D"]
[Result "1-0"]
[WhiteElo "2373"]
[BlackElo "2183"]
[EventDate "2010.06.19"]

1. e4 g6 2. d4 Bg7 3. Nc3 d6 4. f4 Nc6 5. Be3 e6 6. Nf3 d5 7. e5 Nge7 8.
Qd2 b6 9. O-O-O Bb7 10. Kb1 Qd7 11. Bd3 O-O-O 12. g4 Nb4 13. Bb5 c6 14. Be2
Kb8 15. Bf2 a5 16. Bh4 Ka7 17. Bf6 Bxf6 18. exf6 Nc8 19. Ne5 Qc7 20. a3 Na6
21. h4 Nd6 22. h5 c5 23. Nb5+ Nxb5 24. Bxb5 Nb8 25. Rh3 Ba6 26. a4 cxd4 27.
Qxd4 Rc8 28. c3 Qb7 29. Rdh1 Rhf8 30. hxg6 hxg6 31. Rh7 Rc7 32. Rg7 Ka8 33.
Rhh7 Bxb5 34. axb5 Nd7 35. Rxf7 Rxf7 36. Rxf7 Nxe5 37. Rxc7 Qxc7 38. fxe5
g5 39. Qf2 Qh7+ 40. Ka2 Qe4 41. Qd4 Qf3 42. Qxb6 Qxg4 43. Qxa5+ Kb8 44.
Qb6+ Kc8 45. Qc6+ Kd8 46. b6 1-0

[Event "24th Open"]
[Site "Pula CRO"]
[Date "2010.06.23"]
[Round "6"]
[White "Orak,L"]
[Black "Dudas,E"]
[Result "1-0"]
[WhiteElo "2343"]
[BlackElo "2166"]
[EventDate "2010.06.19"]

1. e4 e6 2. d4 d5 3. Nc3 Bb4 4. e5 c5 5. Qg4 Kf8 6. dxc5 Bxc3+ 7. bxc3 Nc6
8. Nf3 Qa5 9. Bd2 Qxc5 10. Bd3 Nge7 11. O-O Bd7 12. Rfe1 a6 13. a4 Rb8 14.
h4 h5 15. Qf4 Nf5 16. Bxf5 exf5 17. Nd4 Nxd4 18. e6 Nxe6 19. Qxb8+ Bc8 20.
Qe5 Qc4 21. Qxf5 Kg8 22. Qd3 Bd7 23. Qg3 Bc6 24. a5 Qg4 25. Kh2 Qxg3+ 26.
Kxg3 Kh7 27. Re5 Kg6 28. Rae1 Nc5 29. f3 f6 30. Re7 Na4 31. Rb1 Rc8 32. Kf4
Nc5 33. Be3 Na4 34. Bd4 Bb5 35. g4 Nxc3 36. gxh5+ Kxh5 37. Bxc3 Rc4+ 38.
Kg3 Rxc3 39. Rxg7 Rxc2 40. Rd1 Kh6 41. Rxb7 Bc4 42. Rb6 Kg7 43. Kf4 Rf2 44.
Rb7+ Kf8 45. Kg3 Re2 46. h5 Re5 47. h6 Rh5 48. h7 Rh6 49. Rd4 1-0

[Event "24th Open"]
[Site "Pula CRO"]
[Date "2010.06.23"]
[Round "6"]
[White "Lizak,P"]
[Black "Pfaffel,T"]
[Result "1-0"]
[WhiteElo "2335"]
[BlackElo "2189"]
[EventDate "2010.06.19"]

1. Nf3 Nf6 2. c4 b6 3. g3 Bb7 4. Bg2 c5 5. O-O e6 6. Nc3 Be7 7. d4 cxd4 8.
Qxd4 O-O 9. Rd1 d6 10. Bg5 Nbd7 11. Nb5 d5 12. cxd5 Bxd5 13. Nc3 Bc6 14. b4
Rc8 15. Rac1 h6 16. Bf4 g5 17. Bd6 g4 18. Ne5 Bxg2 19. Bxe7 Qxe7 20. Nxd7
Qxd7 21. Qxf6 Qb7 22. Qxh6 Bh3 23. f3 Rc4 24. Nb5 Rxc1 25. Qg5+ Kh7 26.
Rxc1 a6 27. Nd6 Qa8 28. Ne4 1-0

[Event "24th Open"]
[Site "Pula CRO"]
[Date "2010.06.23"]
[Round "6"]
[White "Nannelli,P"]
[Black "Sandhu,M"]
[Result "0-1"]
[WhiteElo "2207"]
[BlackElo "2324"]
[EventDate "2010.06.19"]

1. d4 Nf6 2. c4 e6 3. Nc3 Bb4 4. Qb3 c5 5. dxc5 Na6 6. Nf3 Ne4 7. Bd2 Nxd2
8. Nxd2 Qa5 9. Rc1 Nxc5 10. Qc2 b6 11. e3 Bb7 12. Be2 Bxc3 13. Qxc3 Qxc3
14. Rxc3 Bxg2 15. Rg1 Bc6 16. Rxg7 Ne4 17. Nxe4 Bxe4 18. Rg3 Rc8 19. f3 Bg6
20. Kd2 Ke7 21. e4 Kd6 22. Bd3 Rc5 23. Ra3 Rh5 24. h3 a5 25. Rb3 Kc6 26. f4
f6 27. Be2 Rh4 28. Ke3 e5 29. f5 Bf7 30. Kf2 Rf4+ 31. Kg2 h5 32. Rg7 Rf8
33. Rb5 d6 34. Bd3 Rg8 35. Rxg8 Bxg8 36. a4 Bf7 37. Be2 Kc7 38. Bd3 Be8 39.
Rb3 Bxa4 0-1

[Event "24th Open"]
[Site "Pula CRO"]
[Date "2010.06.23"]
[Round "6"]
[White "Zelic,Ml"]
[Black "Radovic,St"]
[Result "1/2-1/2"]
[WhiteElo "2309"]
[BlackElo "2161"]
[EventDate "2010.06.19"]

1. e4 c5 2. d4 cxd4 3. c3 g6 4. cxd4 d5 5. Nc3 dxe4 6. Bc4 Nc6 7. Nge2 Nf6
8. Qb3 e6 9. d5 exd5 10. Nxd5 Nxd5 11. Bxd5 Qe7 12. O-O Bg7 13. Ng3 O-O 14.
Nxe4 Nd4 15. Qc4 Be6 16. Bg5 Bxd5 17. Qxd5 Qe5 18. Qxe5 Bxe5 19. Rad1 f5
20. Nc5 Rfe8 21. Rfe1 Rac8 22. Nd7 Bg7 23. Nf6+ Bxf6 24. Bxf6 Rxe1+ 25.
Rxe1 Rc1 26. Rxc1 Ne2+ 27. Kf1 Nxc1 28. a3 Nb3 29. Ke2 Kf7 30. Bg5 Ke6 31.
Be3 a6 32. Kd3 Kd5 33. Kc3 Na5 34. b3 Nc6 35. Bb6 g5 1/2-1/2

[Event "24th Open"]
[Site "Pula CRO"]
[Date "2010.06.23"]
[Round "6"]
[White "Kelecevic,N"]
[Black "Berke,A"]
[Result "1/2-1/2"]
[WhiteElo "2277"]
[BlackElo "2140"]
[EventDate "2010.06.19"]

1. d4 Nf6 2. c4 e6 3. Nc3 Bb4 4. Qc2 O-O 5. a3 Bxc3+ 6. Qxc3 d5 7. Bg5 dxc4
8. Qxc4 b6 9. Nf3 Ba6 10. Qc2 Nbd7 11. Rd1 Qc8 12. Bxf6 Nxf6 13. e3 Bxf1
14. Rxf1 c5 15. dxc5 Qxc5 16. Qxc5 bxc5 17. Ne5 Rab8 18. Nc4 Nd5 19. Kd2
Nb6 20. Nxb6 Rxb6 21. Kc2 Rfb8 22. Rb1 Kf8 23. Rfd1 Ke7 24. Rd3 Rd6 25.
Rxd6 Kxd6 26. Kc3 Kc6 27. Rd1 a5 28. b3 a4 29. bxa4 Ra8 30. Kb3 Rb8+ 31.
Kc3 Ra8 32. Kb3 1/2-1/2

[Event "24th Open"]
[Site "Pula CRO"]
[Date "2010.06.24"]
[Round "7"]
[White "Jovanic,O"]
[Black "Kovacevic,A"]
[Result "1-0"]
[WhiteElo "2530"]
[BlackElo "2573"]
[EventDate "2010.06.19"]

1. d4 Nf6 2. c4 e6 3. Nc3 Bb4 4. Bg5 c5 5. d5 h6 6. Bh4 Bxc3+ 7. bxc3 d6 8.
e3 Qe7 9. Nf3 e5 10. Qc2 Nbd7 11. Nd2 g5 12. Bg3 Nh5 13. Bd3 Ndf6 14. f3
Kd8 15. Bf2 Kc7 16. g4 Ng7 17. h4 Bd7 18. O-O-O Raf8 19. Rdg1 Kb8 20. Rh2
Qd8 21. Kb2 Bc8 22. Ka1 Bd7 23. Be2 Qe8 24. Rgh1 a6 25. e4 Ba4 26. Qb2 Qd8
27. Be3 Nd7 28. Rb1 Qc7 29. Qa3 Nb6 30. Rxb6 Qxb6 31. Qxa4 f6 32. h5 Qc7
33. Nb3 Rf7 34. Bd1 Ka7 35. Na5 Ra8 36. Rb2 b6 37. Nc6+ Kb7 38. Qa3 Kc8 39.
Ba4 Qb7 40. Qb3 Kc7 41. Qc2 Qc8 42. Qd1 a5 43. Qb3 Qa6 44. Bb5 Qc8 45. Kb1
Qf8 46. Ba4 Ra6 47. Nxa5 Qa8 48. Nc6 Kc8 49. Bb5 Ra3 50. Qc2 Rc7 51. Qd3
Rf7 52. Bc1 Qb7 53. Rf2 Ra8 54. Qc2 Qc7 55. Qb3 Qb7 56. Rb2 Qc7 57. Be3 Rf8
58. Qd1 Rf7 59. Rb3 Rf8 60. Qc2 Rf7 61. Qb2 Rf8 62. Bc1 Qf7 63. Bd2 Qc7 64.
Ra3 Kb7 65. Ba6+ Rxa6 66. Rxa6 Kxa6 67. Qa3+ 1-0

[Event "24th Open"]
[Site "Pula CRO"]
[Date "2010.06.24"]
[Round "7"]
[White "Zelcic,R"]
[Black "Fercec,N"]
[Result "1-0"]
[WhiteElo "2538"]
[BlackElo "2492"]
[EventDate "2010.06.19"]

1. e4 c5 2. Nf3 d6 3. d4 cxd4 4. Qxd4 Nc6 5. Bb5 Bd7 6. Bxc6 Bxc6 7. Nc3
Nf6 8. Bg5 e6 9. O-O-O Be7 10. Qd3 Qa5 11. h4 O-O 12. Nd4 Rfc8 13. f4 Be8
14. Kb1 h6 15. g4 Qa6 16. Bxf6 Qxd3 17. Rxd3 Bxf6 18. g5 Be7 19. f5 Bd7 20.
gxh6 gxh6 21. fxe6 fxe6 22. Ndb5 Rc5 23. Nxd6 Bc6 24. Rg1+ Kh8 25. Rg6 Rf8
26. Rxh6+ Kg7 27. Rxe6 Rf1+ 28. Rd1 Rxd1+ 29. Nxd1 Bxd6 30. Rxd6 Bxe4 31.
Nc3 Bc6 32. Rd4 a5 33. a4 Rf5 34. b3 Rf2 35. Kb2 Rh2 36. Nd5 Kf7 37. Nb6
Ke6 38. Nc4 Bd5 39. Nxa5 Ke5 40. Rb4 Be4 41. Nc4+ Ke6 42. Ne3 Rxh4 43. Nd1
1-0

[Event "24th Open"]
[Site "Pula CRO"]
[Date "2010.06.24"]
[Round "7"]
[White "Predojevic,B"]
[Black "Saric,A"]
[Result "1-0"]
[WhiteElo "2628"]
[BlackElo "2489"]
[EventDate "2010.06.19"]

1. e4 e5 2. Nf3 Nf6 3. d4 Nxe4 4. Bd3 d5 5. Nxe5 Nd7 6. O-O Bd6 7. c4 c6 8.
cxd5 cxd5 9. Nc3 Nxc3 10. bxc3 O-O 11. Re1 Nxe5 12. dxe5 Bc5 13. Rb1 b6 14.
Qh5 g6 15. Qh6 f5 16. e6 Re8 17. Bg5 Be7 18. Bxe7 Qxe7 19. Bb5 Rd8 20. Bc6
Rb8 21. Qf4 Bb7 22. Bd7 Ba6 23. Qb4 Kf8 24. Qd4 Kg8 25. Qxd5 Rbc8 26. Rbd1
Rc5 27. Qd6 Kf8 28. Qd4 Kg8 29. Qa4 Ra5 30. Qb4 Kf8 31. Qd4 Kg8 32. Qd6 Kf8
33. Qc7 Ra3 34. h3 Rxa2 35. Qxa7 Qc5 36. e7+ Kg7 37. Re3 Rxf2 38. exd8=Q
Qxe3 39. Bb5+ 1-0

[Event "24th Open"]
[Site "Pula CRO"]
[Date "2010.06.24"]
[Round "7"]
[White "Doric,D"]
[Black "Felgaer,R"]
[Result "1/2-1/2"]
[WhiteElo "2452"]
[BlackElo "2585"]
[EventDate "2010.06.19"]

1. d4 d5 2. c4 c6 3. cxd5 cxd5 4. Nc3 e5 5. e4 dxe4 6. Bb5+ Bd7 7. dxe5 Bb4
8. Bd2 Bxc3 9. Bxd7+ Nxd7 10. Bxc3 Nc5 11. Nh3 Ne7 12. O-O O-O 13. Qg4 Qc8
14. Qe2 Re8 15. Rad1 Ng6 16. Rd5 b6 17. Qh5 h6 18. f4 exf3 19. Qxf3 Qb7 20.
Rfd1 Rac8 21. Qg4 Qe7 22. Nf4 Nxf4 23. Qxf4 Ne6 24. Qg4 Rc7 25. Rd6 Rec8
26. h3 Qg5 27. Qxg5 Nxg5 28. Rd8+ Rxd8 29. Rxd8+ Kh7 30. Rd4 Kg6 31. a4 Kf5
32. a5 bxa5 33. Rd5 a4 34. Ra5 Rc4 35. Rxa7 Ke6 36. Ra6+ Kf5 37. Ra7 Kg6
38. Ra6+ Kf5 39. Ra7 1/2-1/2

[Event "24th Open"]
[Site "Pula CRO"]
[Date "2010.06.24"]
[Round "7"]
[White "Kuljasevic,D"]
[Black "Doric,N"]
[Result "1-0"]
[WhiteElo "2539"]
[BlackElo "2320"]
[EventDate "2010.06.19"]

1. d4 Nf6 2. c4 e6 3. Nc3 Bb4 4. Qc2 O-O 5. a3 Bxc3+ 6. Qxc3 b5 7. cxb5 c6
8. Qg3 cxb5 9. Bh6 Nh5 10. Qg4 Qf6 11. Qxh5 Qxh6 12. Qxh6 gxh6 13. Nf3 Bb7
14. Nd2 Rc8 15. e3 a6 16. Bd3 d6 17. Ke2 Nd7 18. a4 Bc6 19. axb5 Bxb5 20.
Bxb5 axb5 21. Rhc1 Kf8 22. Rxc8+ Rxc8 23. Ra5 Rb8 24. Ne4 Ke7 25. Ra7 Rb6
26. Nf6 Kxf6 27. Rxd7 d5 28. Kd2 h5 29. h4 Kg6 30. Rc7 Rb8 31. Ke2 Rb6 32.
Kf3 Rb8 33. Kf4 Kf6 34. f3 h6 35. b4 Rg8 36. g3 Rb8 37. Rc5 Kg6 38. e4 dxe4
39. Kxe4 Rb6 40. d5 exd5+ 41. Kxd5 f6 42. Ke4 Rb8 43. Kf4 Rd8 44. Rxb5 Rd4+
45. Ke3 Rc4 46. Kd3 Rc1 47. Rc5 Rf1 48. Rc3 Rb1 49. Kc4 f5 50. f4 Kf6 51.
Re3 1-0